| 000 | 00689nam a22001577a 4500 | ||
|---|---|---|---|
| 999 |
_c6139 _d6139 |
||
| 008 | 180423b xxu||||| |||| 00| 0 eng d | ||
| 020 | _a978-1-4129-3956-0 | ||
| 082 | _a568.049 THO | ||
| 100 | _aTHOMAS, David. C | ||
| 245 |
_aCross- Cultural Management _bEssential Concepts _cDavid C. Thomas |
||
| 250 | _a2nd ed | ||
| 260 |
_aCalifornia _bSAGE Publications _c2008 |
||
| 300 |
_axix, 327p _c23cm |
||
| 650 | _2International Business Enterprises- Management 2. International Business Enterprises- Management- Cross-cultural Studies 3. Management- Cross-cultural Studies 4. Intercultural Communication 5. Communication in Management- Cross-cultural Studies | ||
| 942 |
_2ddc _cBOOKS |
||